[Event "GER-ch 93rd"]
[Site "Magdeburg"]
[Date "2022.08.19"]
[Round "8"]
[White "Keller, Peter1"]
[Black "Eichstaedt, Mirko"]
[Result "1-0"]
[WhiteElo "2377"]
[BlackElo "2223"]
[EventDate "2022.08.14"]
[PlyCount "73"]

1. e4 e5 2. Nf3 Nc6 3. Bb5 a6 4. Ba4 Nf6 5. O-O Be7 6. d3 b5 7. Bb3 d6 8. a3 Na5 9. Ba2 c5 10. Nc3 Be6 11. Nh4 O-O 12. Nf5 Bxf5 13. exf5 d5 14. Bg5 d4 15. Bxf6 Bxf6 16. Ne4 Rc8 17. Qf3 c4 18. b4 cxb3 19. cxb3 b4 20. Rfc1 Qb6 21. a4 Rfd8 22. g4 h6 23. Qg3 Rc3 24. h4 Rdc8 25. Rd1 Kh8 26. g5 Be7 27. Qxe5 Nc6 28. Qd5 Qa5 29. Qxa5 Nxa5 30. Nxc3 dxc3 31. Re1 Bd6 32. Re4 g6 33. f6 hxg5 34. hxg5 Rc5 35. f4 Rf5 36. Re8+ Kh7 37. Kg2 1-0

[Event "GER-ch 93rd"]
[Site "Magdeburg"]
[Date "2022.08.19"]
[Round "8"]
[White "Koehler, Christian Friedrich"]
[Black "Pahl, Erik"]
[Result "1-0"]
[WhiteElo "2285"]
[BlackElo "2203"]
[EventDate "2022.08.14"]
[PlyCount "77"]

1. f4 c5 2. Nf3 d5 3. b3 Nc6 4. e3 a6 5. Bb2 Nf6 6. c4 d4 7. exd4 cxd4 8. Bd3 Bg4 9. h3 Bxf3 10. Qxf3 g6 11. Be4 Nxe4 12. Qxe4 Bg7 13. O-O O-O 14. d3 Qd7 15. Nd2 f5 16. Qe2 e5 17. fxe5 Bh6 18. Nf3 Be3+ 19. Kh1 f4 20. Ba3 Rf5 21. Bd6 Rh5 22. b4 Nd8 23. a4 b6 24. a5 Qb7 25. axb6 g5 26. Ng1 Rh4 27. Qf3 g4 28. Qxb7 Nxb7 29. c5 Kf7 30. e6+ Kxe6 31. Bxf4 gxh3 32. Nxh3 Kd5 33. Bg3 Rh6 34. Rf7 Rg8 35. Rxb7 Rxg3 36. Rd7+ Kc6 37. Rc7+ Kb5 38. b7 Rh5 39. b8=R# 1-0

[Event "GER-ch 93rd"]
[Site "Magdeburg"]
[Date "2022.08.19"]
[Round "8"]
[White "Krastev, Alexander"]
[Black "Wachinger, Nikolas"]
[Result "1/2-1/2"]
[WhiteElo "2428"]
[BlackElo "2442"]
[EventDate "2022.08.14"]
[PlyCount "80"]

1. e4 c5 2. Nc3 d6 3. f4 g6 4. Nf3 Bg7 5. Bb5+ Bd7 6. Bc4 Nc6 7. d3 e6 8. f5 gxf5 9. exf5 d5 10. Bb5 Nge7 11. Bxc6 Bxc6 12. fxe6 fxe6 13. Ng5 Nf5 14. Qh5+ Kd7 15. Bd2 Qe8 16. Qh3 h6 17. Nf3 Qg6 18. O-O-O h5 19. g3 Qg4 20. Qg2 d4 21. Ne4 Bxe4 22. dxe4 Qxe4 23. Rhe1 Qd5 24. Ne5+ Bxe5 25. Qxd5+ exd5 26. Rxe5 Nd6 27. Rxd5 Kc6 28. Re5 Rae8 29. Rde1 Rxe5 30. Rxe5 Nc4 31. Re6+ Kd7 32. Re4 Nxd2 33. Kxd2 Rf8 34. Re5 Rf2+ 35. Kd3 c4+ 36. Kxd4 Rxh2 37. Kxc4 Rxc2+ 38. Kb3 Rg2 39. Rxh5 Rxg3+ 40. Kc4 Rg4+ 1/2-1/2

[Event "GER-ch 93rd"]
[Site "Magdeburg"]
[Date "2022.08.19"]
[Round "8"]
[White "Kunin, Vitaly L"]
[Black "Gungl, Theo"]
[Result "1/2-1/2"]
[WhiteElo "2521"]
[BlackElo "2366"]
[EventDate "2022.08.14"]
[PlyCount "80"]

1. e4 c5 2. Ne2 d6 3. g3 Nc6 4. Bg2 Nf6 5. c3 d5 6. exd5 Nxd5 7. d4 e6 8. O-O Be7 9. dxc5 Bxc5 10. Nf4 Nf6 11. Qxd8+ Nxd8 12. Nd3 Be7 13. c4 Bd7 14. Ne5 Nc6 15. Nxd7 Nxd7 16. Nc3 Nb6 17. b3 Bf6 18. Bb2 O-O-O 19. Rfd1 Nb4 20. c5 Nd7 21. a3 Nc2 22. Rac1 Nd4 23. b4 Ne5 24. Bf1 Nb3 25. Rxd8+ Rxd8 26. Rd1 Nd2 27. Ba1 Nec4 28. Bxc4 Nxc4 29. Rc1 Nxa3 30. Ne4 Bxa1 31. Nd6+ Kb8 32. Rxa1 Nc2 33. Rb1 Rd7 34. f4 Ne3 35. Kf2 Nd5 36. Kf3 g6 37. Rb3 a6 38. Ke4 Kc7 39. Nc4 Nf6+ 40. Kf3 Nd5 1/2-1/2

[Event "GER-ch 93rd"]
[Site "Magdeburg"]
[Date "2022.08.19"]
[Round "8"]
[White "Langheinrich, Ferenc"]
[Black "Bracker, Arne"]
[Result "1-0"]
[WhiteElo "2357"]
[BlackElo "2295"]
[EventDate "2022.08.14"]
[PlyCount "75"]

1. d4 Nf6 2. c4 e6 3. Nc3 Bb4 4. Bd2 O-O 5. e3 d5 6. Nf3 b6 7. cxd5 exd5 8. Ne5 Bb7 9. Bd3 a6 10. Qf3 c5 11. Qh3 g6 12. a3 Ba5 13. Rb1 c4 14. Bc2 b5 15. O-O Bb6 16. f4 Nc6 17. Kh1 Qd6 18. Qh6 Rfe8 19. Nxc6 Bxc6 20. f5 Ng4 21. Qh4 Bc7 22. g3 h5 23. Ne2 Bd8 24. Qh3 Rxe3 25. Nf4 Re4 26. Bb4 Qd7 27. Bxe4 dxe4 28. d5 Bb7 29. fxg6 fxg6 30. Qg2 Ne3 31. Qxe4 Nxd5 32. Qxg6+ Kh8 33. Qh6+ Kg8 34. Qg6+ Kh8 35. Qxh5+ Kg8 36. Qg6+ Kh8 37. Ng2 Bc7 38. Rf7 1-0

[Event "GER-ch 93rd"]
[Site "Magdeburg"]
[Date "2022.08.19"]
[Round "8"]
[White "Malek, Daniel"]
[Black "Feuerstack, Aljoscha"]
[Result "0-1"]
[WhiteElo "2365"]
[BlackElo "2477"]
[EventDate "2022.08.14"]
[PlyCount "42"]

1. e4 c5 2. Nf3 e6 3. g3 d5 4. exd5 exd5 5. d4 cxd4 6. Nxd4 Nc6 7. Bg2 Bc5 8. Nxc6 bxc6 9. O-O Nf6 10. c4 O-O 11. cxd5 Ba6 12. Re1 cxd5 13. Nc3 Qb6 14. Be3 d4 15. Na4 dxe3 16. Nxb6 exf2+ 17. Kh1 fxe1=Q+ 18. Qxe1 Bxb6 19. Bxa8 Rxa8 20. h3 Re8 21. Qc3 Bb7+ 0-1

[Event "GER-ch 93rd"]
[Site "Magdeburg"]
[Date "2022.08.19"]
[Round "8"]
[White "Pajeken, Jakob Leon"]
[Black "Boder, Jan"]
[Result "1-0"]
[WhiteElo "2457"]
[BlackElo "2315"]
[EventDate "2022.08.14"]
[PlyCount "105"]

1. d4 Nf6 2. Nf3 e6 3. c4 d5 4. Nc3 Be7 5. g3 O-O 6. Bg2 c6 7. O-O dxc4 8. Ne5 Nbd7 9. Nxc4 Nb6 10. Ne5 Qc7 11. Bf4 Bd6 12. Rc1 Nbd5 13. Nb5 Qd8 14. Nxd6 Qxd6 15. Nxf7 Qe7 16. Ne5 Nxf4 17. gxf4 Nd5 18. e3 Rf6 19. Qg4 Rh6 20. Rc5 a6 21. h3 Kh8 22. Re1 Nf6 23. Qg5 Bd7 24. b4 Rg8 25. Nd3 Be8 26. Re5 Rh5 27. Qg3 Bg6 28. e4 Nd7 29. Rxh5 Bxh5 30. d5 g5 31. f5 e5 32. dxc6 bxc6 33. Rc1 Qd6 34. Nc5 Nf6 35. Nd3 g4 36. h4 Re8 37. Qe3 Bf7 38. a3 g3 39. Qxg3 Nh5 40. Qe3 Rg8 41. Kf1 Qf6 42. Qc5 Re8 43. Qxc6 Qxh4 44. Qc7 Qf6 45. Bf3 Nf4 46. Nxf4 exf4 47. Qxf4 Qd4 48. Qe3 Bc4+ 49. Ke1 Qd3 50. Qxd3 Bxd3 51. Rc3 Bxe4 52. Re3 Bc6 53. Bxc6 1-0

[Event "GER-ch 93rd"]
[Site "Magdeburg"]
[Date "2022.08.19"]
[Round "8"]
[White "Poetsch, Hagen"]
[Black "Schulz, Lukas"]
[Result "1/2-1/2"]
[WhiteElo "2500"]
[BlackElo "2271"]
[EventDate "2022.08.14"]
[PlyCount "67"]

1. d4 Nf6 2. c4 g6 3. Nc3 Bg7 4. e4 d6 5. h3 O-O 6. Be3 e5 7. d5 Nbd7 8. g4 Nc5 9. f3 a5 10. Nge2 Ne8 11. h4 f5 12. exf5 gxf5 13. g5 e4 14. Nf4 Qe7 15. Bh3 a4 16. Rc1 Be5 17. O-O Bxf4 18. Bxf4 Nd3 19. fxe4 fxe4 20. Bxc8 Rxc8 21. Qg4 Ng7 22. Rc2 Nh5 23. Qxh5 Rxf4 24. Rxf4 Nxf4 25. Qg4 Rf8 26. Rf2 Qe5 27. Ne2 Nxe2+ 28. Rxe2 Rf4 29. Qc8+ Kg7 30. Qd7+ Rf7 31. Qg4 Rf4 32. Qd7+ Rf7 33. Qg4 Rf4 34. Qd7+ 1/2-1/2

[Event "GER-ch 93rd"]
[Site "Magdeburg"]
[Date "2022.08.19"]
[Round "8"]
[White "Roseneck, Jonas"]
[Black "Parvanyan, Ashot"]
[Result "1/2-1/2"]
[WhiteElo "2384"]
[BlackElo "2424"]
[EventDate "2022.08.14"]
[PlyCount "122"]

1. c4 Nf6 2. Nc3 e5 3. Nf3 Nc6 4. e3 g6 5. d4 d6 6. Be2 Bg7 7. O-O O-O 8. a3 a5 9. b3 Bf5 10. Bb2 exd4 11. exd4 d5 12. Ne5 dxc4 13. Nxc6 bxc6 14. bxc4 Rb8 15. Ra2 Ne4 16. Nxe4 Bxe4 17. Bf3 Bxf3 18. Qxf3 c5 19. a4 cxd4 20. Ba3 Re8 21. Rd2 Qd7 22. Bc5 Qxa4 23. Bxd4 Qxc4 24. Bxg7 Kxg7 25. h3 Red8 26. Rxd8 Rxd8 27. Qa3 a4 28. Rc1 Qb3 29. Qa1+ Kg8 30. Kh2 Qb4 31. g3 a3 32. Rxc7 Qb2 33. Qxb2 axb2 34. Rb7 Rd2 35. Kg2 Kg7 36. Kf3 Kf6 37. Ke3 Rc2 38. f4 h5 39. g4 h4 40. Ke4 Ke6 41. Rb6+ Kd7 42. Ke5 Re2+ 43. Kd5 Rd2+ 44. Kc5 Ke7 45. f5 gxf5 46. gxf5 Kf8 47. Kc4 Kg7 48. Kc3 Rf2 49. Kd4 f6 50. Ke4 Kf7 51. Rb7+ Ke8 52. Ke3 Rc2 53. Kd3 Rh2 54. Ke4 Kd8 55. Kd5 Kc8 56. Rb4 Kd7 57. Rb7+ Kc8 58. Rb4 Rxh3 59. Rxb2 Re3 60. Kd4 Ra3 61. Rb6 Kd7 1/2-1/2

[Event "GER-ch 93rd"]
[Site "Magdeburg"]
[Date "2022.08.19"]
[Round "8"]
[White "Vogel, Roven"]
[Black "Costa, Leonardo"]
[Result "0-1"]
[WhiteElo "2459"]
[BlackElo "2326"]
[EventDate "2022.08.14"]
[PlyCount "132"]

1. d4 Nf6 2. c4 e6 3. Nc3 d5 4. cxd5 exd5 5. Bg5 Be7 6. e3 O-O 7. Bd3 h6 8. Bh4 Re8 9. Nge2 Nbd7 10. O-O c6 11. f3 b5 12. Bf2 Bb7 13. Rc1 a6 14. Ng3 c5 15. dxc5 Bxc5 16. Nf5 Qb6 17. Ne2 g6 18. Nfd4 Ne5 19. b3 Nxd3 20. Qxd3 Rac8 21. Qd2 b4 22. Nf4 Qd6 23. Nd3 a5 24. Rxc5 Rxc5 25. Bg3 Qb6 26. Nxc5 Qxc5 27. Rc1 Qa7 28. Rc7 Qa6 29. Kf2 Nh5 30. Qc2 Nxg3 31. hxg3 Ba8 32. Qc5 Qd3 33. Ne2 Qa6 34. Ra7 Qd3 35. Rc7 Qa6 36. Ra7 Qd3 37. Rxa5 Bb7 38. Qd4 Qc2 39. Qxb4 Ba6 40. Rxa6 Qd3 41. Qb6 d4 42. Qxd4 Qxa6 43. Qd2 Qa3 44. Nc3 Ra8 45. g4 Qa5 46. Qb2 Qe5 47. Qd2 Qa5 48. a4 Rd8 49. Qb2 Qe5 50. Ke2 Qg3 51. Ne4 Qxg2+ 52. Nf2 h5 53. gxh5 gxh5 54. a5 h4 55. Qf6 Rc8 56. Qxh4 Rc2+ 57. Kd3 Rxf2 58. Qg4+ Qxg4 59. fxg4 Kf8 60. b4 Ke7 61. Kc4 Kd6 62. Kb5 Kc7 63. Kc5 Rg2 64. b5 Rxg4 65. b6+ Kb7 66. Kd5 Ra4 0-1

[Event "GER-ch 93rd"]
[Site "Magdeburg"]
[Date "2022.08.19"]
[Round "8"]
[White "Westphal, Wolfgang"]
[Black "Hourigan, Gerrit"]
[Result "0-1"]
[WhiteElo "2175"]
[BlackElo "2306"]
[EventDate "2022.08.14"]
[PlyCount "88"]

1. e4 c5 2. Nf3 d6 3. Bb5+ Nd7 4. d4 cxd4 5. Qxd4 a6 6. Bxd7+ Bxd7 7. Nc3 e5 8. Qd3 h6 9. O-O Nf6 10. a4 Be7 11. a5 Rc8 12. Be3 Qc7 13. Nd2 O-O 14. Rfc1 Be6 15. Nf1 Qc6 16. Bb6 d5 17. exd5 Nxd5 18. Nxd5 Bxd5 19. Ne3 Be4 20. Qe2 Qg6 21. f3 Bc6 22. c4 Bg5 23. Rc3 Rfe8 24. Nd5 f5 25. Rd1 Kh7 26. Qc2 h5 27. Re1 h4 28. Re2 h3 29. Nc7 Rf8 30. Nd5 Rce8 31. f4 exf4 32. Rxh3+ Kg8 33. Rf3 Re4 34. Ref2 Rfe8 35. g3 fxg3 36. Rxg3 Qh5 37. Qd3 f4 38. Rgg2 Re1+ 39. Rf1 f3 40. Rgf2 Qg4+ 41. Kh1 Rxf1+ 42. Qxf1 Bh4 43. Ne3 Qg5 44. Rxf3 Rxe3 0-1

[Event "GER-ch 93rd"]
[Site "Magdeburg"]
[Date "2022.08.20"]
[Round "9"]
[White "Bethke, Richard"]
[Black "Kunin, Vitaly L"]
[Result "0-1"]
[WhiteElo "2357"]
[BlackElo "2521"]
[EventDate "2022.08.14"]
[PlyCount "104"]

1. e4 c5 2. Nf3 a6 3. Nc3 b5 4. d4 cxd4 5. Nxd4 Bb7 6. Be3 e6 7. e5 Nc6 8. Nxc6 Bxc6 9. Ne2 Qa5+ 10. Qd2 Qxd2+ 11. Kxd2 f6 12. exf6 Nxf6 13. Nd4 Bb7 14. f3 Nd5 15. Bf2 g6 16. Re1 Bh6+ 17. Kd1 O-O 18. h4 b4 19. h5 g5 20. Kc1 g4+ 21. Kb1 Bd2 22. Rd1 Bg5 23. Bc4 Rac8 24. Bb3 h6 25. Rhf1 a5 26. Bg1 gxf3 27. Nxf3 Bf6 28. Rfe1 Bc6 29. Bd4 a4 30. Bc4 a3 31. Bxf6 Rxf6 32. Ne5 axb2 33. Kxb2 Ba4 34. Bb3 Bxb3 35. axb3 Rf2 36. Rc1 Rxg2 37. Nxd7 Nf4 38. Re3 Ne2 39. Rd1 Nd4 40. Nf6+ Kf7 41. Kb1 Nf5 42. Nh7 Rc7 43. Rf1 Rcxc2 44. Re4 Rb2+ 45. Ka1 Ra2+ 46. Kb1 Rgb2+ 47. Kc1 Rxb3 48. Rff4 Rh3 49. Kb1 Rg2 50. Rf1 Rb3+ 51. Ka1 Rg7 52. Rd4 Ra3+ 0-1

[Event "GER-ch 93rd"]
[Site "Magdeburg"]
[Date "2022.08.20"]
[Round "9"]
[White "Boder, Jan"]
[Black "Koehler, Christian Friedrich"]
[Result "1-0"]
[WhiteElo "2315"]
[BlackElo "2285"]
[EventDate "2022.08.14"]
[PlyCount "39"]

1. d4 d5 2. c4 e6 3. Nf3 Nf6 4. g3 Be7 5. Bg2 O-O 6. O-O c6 7. Nc3 Nbd7 8. Qd3 b6 9. cxd5 exd5 10. Bf4 Bb7 11. Rad1 Re8 12. Ne5 Nf8 13. e4 dxe4 14. Qc4 Ne6 15. Nxe4 Nd5 16. Bc1 Rc8 17. Nc3 Qd6 18. Rfe1 Bf8 19. Qd3 Rc7 20. Bxd5 1-0

[Event "GER-ch 93rd"]
[Site "Magdeburg"]
[Date "2022.08.20"]
[Round "9"]
[White "Bracker, Arne"]
[Black "Miller, Eduard"]
[Result "0-1"]
[WhiteElo "2295"]
[BlackElo "2353"]
[EventDate "2022.08.14"]
[PlyCount "54"]

1. e4 c5 2. Nf3 d6 3. d4 cxd4 4. Nxd4 Nf6 5. Nc3 g6 6. Be3 Bg7 7. f3 Nc6 8. Qd2 O-O 9. O-O-O d5 10. exd5 Nxd5 11. Nxc6 bxc6 12. Bd4 Bxd4 13. Qxd4 Qb6 14. Na4 Qc7 15. Nc5 e5 16. Qf2 Rb8 17. Bc4 Qb6 18. Bb3 Nf4 19. Rhe1 Be6 20. g3 Bxb3 21. axb3 Ne6 22. Rxe5 Qa5 23. Nxe6 Qxe5 24. Nxf8 Rxf8 25. Qxa7 Qe2 26. Qc7 Ra8 27. Rd8+ Kg7 0-1

[Event "GER-ch 93rd"]
[Site "Magdeburg"]
[Date "2022.08.20"]
[Round "9"]
[White "Colpe, Malte"]
[Black "Cofman, Veaceslav"]
[Result "1-0"]
[WhiteElo "2363"]
[BlackElo "2287"]
[EventDate "2022.08.14"]
[PlyCount "115"]

1. d4 Nf6 2. c4 c5 3. d5 b5 4. cxb5 a6 5. bxa6 g6 6. Nc3 Bg7 7. e4 O-O 8. a7 Rxa7 9. Nf3 e6 10. Be2 exd5 11. exd5 d6 12. O-O Na6 13. Nb5 Rd7 14. Bc4 Bb7 15. Qb3 Qa8 16. Rd1 Nc7 17. Nxc7 Rxc7 18. Bf4 Rd7 19. Qd3 Nh5 20. Bc1 Re7 21. Bg5 Nf6 22. a4 Bc8 23. Bb5 Bf5 24. Qa3 Ra7 25. Bf4 Qb8 26. Rac1 Nh5 27. Bg5 Bd7 28. Qd3 Bxb5 29. axb5 Rb7 30. b4 cxb4 31. Nd4 Qa7 32. Be3 Qa3 33. Qc4 Qa5 34. Rb1 Nf6 35. Rxb4 Nd7 36. Nc6 Qa3 37. Ra4 Qb2 38. Rb4 Qf6 39. b6 Ra8 40. h4 Bf8 41. Rdb1 Qf5 42. Qe4 Qxe4 43. Rxe4 Nf6 44. Rd4 Ra6 45. Rd3 Ra8 46. f3 Nd7 47. Rb5 Ne5 48. Rdb3 Nc4 49. Bf2 Nd2 50. Rb2 Nc4 51. R2b4 Ra1+ 52. Kh2 Ne5 53. Bd4 Ra2 54. Rb2 Rxb2 55. Rxb2 Bg7 56. Ra2 Nd7 57. Ra8+ Bf8 58. Ne7# 1-0

[Event "GER-ch 93rd"]
[Site "Magdeburg"]
[Date "2022.08.20"]
[Round "9"]
[White "Dahl, Christoph"]
[Black "Colbow, Collin"]
[Result "0-1"]
[WhiteElo "2348"]
[BlackElo "2323"]
[EventDate "2022.08.14"]
[PlyCount "80"]

1. e4 c5 2. Nf3 e6 3. d4 cxd4 4. Nxd4 Nc6 5. Nc3 Qc7 6. Be3 a6 7. Qf3 Nf6 8. O-O-O Ne5 9. Qg3 b5 10. a3 Bb7 11. Bxb5 Rc8 12. Ba4 Bxa3 13. Nde2 Be7 14. f3 O-O 15. Bh6 Nh5 16. Qh3 Qa5 17. g4 Nf6 18. Bf4 Nxf3 19. Qxf3 Nxe4 20. Nxe4 Qxa4 21. N2c3 Qa1+ 22. Nb1 Rc4 23. Rhe1 Rfc8 24. Rd2 Qa4 25. b3 Rxe4 26. Rxe4 Bxe4 27. bxa4 Bxf3 28. Rxd7 Bc5 29. Rd3 Bxg4 30. Rc3 e5 31. Bxe5 f6 32. Rg3 h5 33. h3 fxe5 34. hxg4 h4 35. Rh3 Be7 36. Na3 Bxa3+ 37. Rxa3 Rc4 38. g5 Rg4 39. Re3 Rxg5 40. c4 Kf7 0-1

[Event "GER-ch 93rd"]
[Site "Magdeburg"]
[Date "2022.08.20"]
[Round "9"]
[White "Eichstaedt, Mirko"]
[Black "Tschernatsch, Johannes"]
[Result "0-1"]
[WhiteElo "2223"]
[BlackElo "2314"]
[EventDate "2022.08.14"]
[PlyCount "90"]

1. d4 Nf6 2. Nf3 g6 3. Nbd2 d5 4. e3 Bg7 5. b4 a5 6. b5 a4 7. Ba3 O-O 8. Be2 Re8 9. c4 Nbd7 10. O-O c6 11. bxc6 bxc6 12. Rc1 Qa5 13. Bd3 Ba6 14. Qe2 e6 15. Rc2 Bf8 16. Bxf8 Rxf8 17. a3 Rab8 18. Rfc1 Rb7 19. h4 Rfb8 20. Ng5 Qd8 21. f4 Qe7 22. c5 Bxd3 23. Qxd3 Rb5 24. g3 Nh5 25. Kg2 f6 26. Nh3 e5 27. g4 Ng7 28. f5 gxf5 29. gxf5 Qf7 30. e4 Kh8 31. Kh2 exd4 32. Qxd4 Ne5 33. exd5 Nxf5 34. Qe4 Ne3 35. Rc3 Qxd5 36. Qxd5 Nxd5 37. R3c2 Ne3 38. Ra2 Rb2 39. Rca1 N3c4 40. Kg3 Nxd2 41. Kf4 Nd3+ 42. Kf5 Nxc5 43. Nf4 Rxa2 44. Rxa2 Ncb3 45. Rc2 Nd4+ 0-1

[Event "GER-ch 93rd"]
[Site "Magdeburg"]
[Date "2022.08.20"]
[Round "9"]
[White "Feidt, Jonas"]
[Black "Burian, Simon"]
[Result "0-1"]
[WhiteElo "1901"]
[BlackElo "2211"]
[EventDate "2022.08.14"]
[PlyCount "98"]

1. c4 c5 2. g3 Nf6 3. Bg2 d5 4. cxd5 Nxd5 5. Nc3 Nc7 6. Nf3 Nc6 7. O-O e5 8. a3 Rb8 9. d3 Be7 10. b3 O-O 11. Bb2 f6 12. Rc1 Be6 13. Ne4 Na6 14. Ned2 Qd7 15. Re1 Rfc8 16. Qc2 Bf8 17. Qb1 Qf7 18. Bc3 Nd4 19. Bxd4 cxd4 20. b4 Qd7 21. Ne4 Qa4 22. Qb2 Nc7 23. Nc5 Bxc5 24. Rxc5 b6 25. Rcc1 Nb5 26. e3 dxe3 27. fxe3 Qxa3 28. Qxa3 Nxa3 29. d4 e4 30. Nd2 f5 31. Rxc8+ Rxc8 32. Ra1 Nc2 33. Rxa7 Nxe3 34. Nf1 Rc1 35. Kf2 Nxf1 36. Bxf1 e3+ 37. Kxe3 Rxf1 38. Rb7 Re1+ 39. Kf2 Re4 40. Rxb6 Kf7 41. Rb7+ Kf6 42. b5 Rxd4 43. b6 Rb4 44. Rb8 Bd5 45. Ke3 Be4 46. h4 Rb3+ 47. Kd4 Rxg3 48. b7 Bxb7 49. Rxb7 Rg4+ 0-1

[Event "GER-ch 93rd"]
[Site "Magdeburg"]
[Date "2022.08.20"]
[Round "9"]
[White "Feuerstack, Aljoscha"]
[Black "Keller, Peter1"]
[Result "1-0"]
[WhiteElo "2477"]
[BlackElo "2377"]
[EventDate "2022.08.14"]
[PlyCount "85"]

1. d4 Nf6 2. c4 e6 3. g3 d5 4. Bg2 Be7 5. Nf3 O-O 6. O-O dxc4 7. Qc2 a6 8. a4 Bd7 9. Qxc4 Bc6 10. Bg5 Bd5 11. Qc2 Be4 12. Qb3 Bd5 13. Qc2 Be4 14. Qc1 Nc6 15. Rd1 Bxf3 16. Bxf3 Nxd4 17. Kg2 c5 18. e3 Nb3 19. Rxd8 Nxc1 20. Rxa8 Rxa8 21. Nd2 Nd3 22. Nc4 Rb8 23. Rd1 b5 24. Rxd3 bxc4 25. Rd2 Rb4 26. Bc6 Ne4 27. Bxe4 Bxg5 28. Bf3 Rxa4 29. Rc2 Bf6 30. Be2 c3 31. bxc3 g6 32. Rb2 Bxc3 33. Rb7 a5 34. Rc7 Bb4 35. Bb5 Ra1 36. Be8 f5 37. Bf7+ Kh8 38. Bxe6 a4 39. h4 a3 40. Kf3 Rd1 41. Kf4 c4 42. Kg5 Ba5 43. Rf7 1-0

[Event "GER-ch 93rd"]
[Site "Magdeburg"]
[Date "2022.08.20"]
[Round "9"]
[White "Florstedt, Johannes"]
[Black "Braun, Georg"]
[Result "1-0"]
[WhiteElo "2359"]
[BlackElo "2398"]
[EventDate "2022.08.14"]
[PlyCount "105"]

1. e4 c6 2. d4 d5 3. e5 Bf5 4. h4 Qc7 5. h5 h6 6. Nc3 e6 7. g4 Bh7 8. Be3 Nd7 9. f4 Bb4 10. Bd3 Bxd3 11. cxd3 Ne7 12. Nf3 O-O-O 13. Rc1 Kb8 14. a3 Bxc3+ 15. Rxc3 Rdf8 16. Rc2 Ka8 17. Bd2 Qd8 18. Bb4 Re8 19. Kd2 Nb8 20. Kc1 Na6 21. Bd2 Qb6 22. Kb1 Rc8 23. Be3 Qb5 24. b4 Nb8 25. Bf2 Rc7 26. Bh4 Nc8 27. Rc5 Qa6 28. Qb3 Nd7 29. Rc2 Ncb6 30. f5 Qb5 31. Ka2 Na4 32. Be1 Rcc8 33. Nh4 Rce8 34. Rf1 f6 35. Ng6 Rhg8 36. Bg3 Nf8 37. Re2 exf5 38. gxf5 Nxg6 39. hxg6 fxe5 40. Rxe5 Ref8 41. Re7 Re8 42. Rfe1 Ref8 43. Rf7 Nb6 44. Ree7 Nc8 45. Rxf8 Rxf8 46. Rxg7 Qb6 47. Be5 Qd8 48. Qc2 Rxf5 49. Rf7 Qg5 50. Rc7 Qd8 51. Rxc6 Nb6 52. Rxb6 Rxe5 53. Rd6 1-0

[Event "GER-ch 93rd"]
[Site "Magdeburg"]
[Date "2022.08.20"]
[Round "9"]
[White "Gungl, Theo"]
[Black "Pajeken, Jakob Leon"]
[Result "0-1"]
[WhiteElo "2366"]
[BlackElo "2457"]
[EventDate "2022.08.14"]
[PlyCount "190"]

1. d4 d5 2. c4 dxc4 3. e4 e5 4. d5 Nf6 5. Nc3 b5 6. Bg5 Bc5 7. Qc2 Bd7 8. a4 b4 9. Nd1 c3 10. bxc3 O-O 11. Nf3 c6 12. Bc4 h6 13. Bh4 cxd5 14. Bxd5 Bc6 15. Bxc6 Nxc6 16. O-O Rc8 17. cxb4 Bxb4 18. Qb2 g5 19. Bg3 Nxe4 20. Nxe5 Nxg3 21. hxg3 Qd6 22. Rb1 Bc5 23. Nxc6 Rxc6 24. Kh2 Re8 25. Qc2 Bb6 26. Qf5 Re5 27. Qf3 Qf6 28. Qxf6 Rxf6 29. Ne3 Bxe3 30. fxe3 Rxf1 31. Rxf1 Kg7 32. Rd1 Re4 33. a5 Re5 34. Rd7 Rxa5 35. g4 Ra3 36. Rc7 a5 37. Ra7 a4 38. Ra6 Ra1 39. Kg3 a3 40. Kf2 Kh7 41. Ra7 Kg6 42. Ra6+ Kg7 43. Kg3 Kf8 44. Kf2 Ra2+ 45. Kf3 Ra1 46. Kf2 Ke7 47. e4 Kd7 48. Rf6 Ke7 49. Ra6 Kd8 50. Ra7 f6 51. Ra6 a2 52. Ra7 Kc8 53. Ra3 Kb7 54. Ra4 Kb6 55. Ra8 Kc5 56. Ra4 Kb5 57. Ra8 Kc4 58. Kg3 Kd3 59. Ra4 Ke3 60. Ra8 Kxe4 61. Re8+ Kd5 62. Ra8 Ke6 63. Ra7 Ke5 64. Ra5+ Ke4 65. Ra4+ Ke3 66. Ra6 Ke2 67. Kh2 Kd3 68. Kg3 Kc4 69. Ra8 Kb5 70. Ra7 Kb6 71. Ra8 Kc7 72. Ra7+ Kd8 73. Kh2 Ke8 74. Kg3 Kf8 75. Kh2 Kg8 76. g3 h5 77. gxh5 f5 78. g4 f4 79. Ra8+ Kg7 80. Ra7+ Kf6 81. h6 Rb1 82. Rxa2 Kg6 83. Ra6+ Kh7 84. Ra7+ Kxh6 85. Ra6+ Kg7 86. Ra5 Kf6 87. Ra6+ Ke5 88. Ra5+ Ke4 89. Rxg5 f3 90. Kg3 Rg1+ 91. Kf2 Rg2+ 92. Kf1 Ra2 93. Rf5 Ke3 94. Kg1 Ra1+ 95. Kh2 f2 0-1

[Event "GER-ch 93rd"]
[Site "Magdeburg"]
[Date "2022.08.20"]
[Round "9"]
[White "Hourigan, Gerrit"]
[Black "Dobrikov, Marco"]
[Result "1-0"]
[WhiteElo "2306"]
[BlackElo "2223"]
[EventDate "2022.08.14"]
[PlyCount "117"]

1. e4 c5 2. Nf3 d6 3. d4 cxd4 4. Nxd4 Nf6 5. Nc3 a6 6. a3 e5 7. Nf5 d5 8. Bg5 d4 9. Bxf6 Qxf6 10. Nd5 Qd8 11. Qg4 g6 12. Qg3 Bd6 13. Nxd6+ Qxd6 14. O-O-O Nc6 15. c3 Be6 16. cxd4 Bxd5 17. exd5 Qxd5 18. dxe5 Qc5+ 19. Qc3 Qxc3+ 20. bxc3 Ke7 21. f4 Rac8 22. Kb2 Na5 23. Rd5 Nc4+ 24. Bxc4 Rxc4 25. Rf1 Rhc8 26. Rf3 h5 27. g3 Re4 28. Rfd3 Rc7 29. Kb3 Re2 30. Rd2 Re3 31. R5d3 Re4 32. Rd4 Re3 33. Rc4 Rd7 34. Rxd7+ Kxd7 35. Rd4+ Ke7 36. Rd6 Re2 37. Rb6 Rxh2 38. Rxb7+ Ke8 39. e6 fxe6 40. Rg7 h4 41. Rxg6 Kf7 42. Rg4 hxg3 43. Rxg3 Rf2 44. Rg4 Kf6 45. c4 Kf5 46. Rg8 Rxf4 47. Rf8+ Ke5 48. Rxf4 Kxf4 49. c5 Ke5 50. Kc4 Kf6 51. c6 Ke7 52. Kc5 Kd8 53. Kd6 a5 54. a4 e5 55. Kxe5 Kc7 56. Kd5 Kc8 57. Kc5 Kb8 58. Kb6 Ka8 59. Kxa5 1-0

[Event "GER-ch 93rd"]
[Site "Magdeburg"]
[Date "2022.08.20"]
[Round "9"]
[White "Krassowizkij, Jaroslaw"]
[Black "Roseneck, Jonas"]
[Result "1/2-1/2"]
[WhiteElo "2429"]
[BlackElo "2384"]
[EventDate "2022.08.14"]
[PlyCount "81"]

1. d4 Nf6 2. c4 e6 3. Nf3 d5 4. g3 dxc4 5. Bg2 c5 6. O-O Nc6 7. dxc5 Qxd1 8. Rxd1 Bxc5 9. Nbd2 c3 10. bxc3 O-O 11. Nb3 Be7 12. c4 Bd7 13. Bb2 Rfc8 14. c5 Be8 15. Nfd2 b6 16. cxb6 axb6 17. Nc4 Rab8 18. Nd6 Bxd6 19. Rxd6 Na5 20. Nxa5 bxa5 21. Be5 Rb4 22. Rd3 Rb5 23. f4 Nd5 24. e4 Nb4 25. Rd2 Rbc5 26. Rad1 Nc2 27. Kf2 f6 28. Bd6 Rc3 29. Rb1 Bc6 30. Rb2 Ne3 31. Bh3 Kf7 32. Rb8 Rxb8 33. Bxb8 Nc4 34. Re2 a4 35. Bf1 a3 36. Ba7 Rc1 37. Bc5 Bb5 38. Bb4 Nb2 39. Re1 Rc2+ 40. Kf3 Bxf1 41. Rxf1 1/2-1/2

[Event "GER-ch 93rd"]
[Site "Magdeburg"]
[Date "2022.08.20"]
[Round "9"]
[White "Krastev, Alexander"]
[Black "Poetsch, Hagen"]
[Result "1/2-1/2"]
[WhiteElo "2428"]
[BlackElo "2500"]
[EventDate "2022.08.14"]
[PlyCount "81"]

1. e4 c5 2. Nc3 d6 3. Nge2 Nc6 4. d4 cxd4 5. Nxd4 Nf6 6. Bg5 e6 7. Qd2 a6 8. Nxc6 bxc6 9. O-O-O Qa5 10. Bc4 d5 11. Bb3 Bb4 12. Bxf6 gxf6 13. exd5 cxd5 14. Qd4 Bxc3 15. bxc3 Ke7 16. c4 Qa3+ 17. Kb1 dxc4 18. Qxc4 Ra7 19. Rd4 Rd7 20. Rxd7+ Bxd7 21. Rd1 Rc8 22. Rxd7+ Kxd7 23. Ba4+ Ke7 24. Qxc8 Qxa4 25. Qc5+ Ke8 26. Kb2 Qe4 27. g3 Qe2 28. Kb3 f5 29. Ka4 f4 30. gxf4 Qe4+ 31. Ka5 Qxf4 32. c4 Qxh2 33. Kxa6 h5 34. Kb7 h4 35. Qd4 e5 36. Qd6 Qf4 37. c5 h3 38. Qb8+ Ke7 39. Qd6+ Ke8 40. Qb8+ Ke7 41. Qd6+ 1/2-1/2

[Event "GER-ch 93rd"]
[Site "Magdeburg"]
[Date "2022.08.20"]
[Round "9"]
[White "Pahl, Erik"]
[Black "Becker, Stefan"]
[Result "1-0"]
[WhiteElo "2203"]
[BlackElo "2101"]
[EventDate "2022.08.14"]
[PlyCount "81"]

1. e4 c5 2. Nf3 e6 3. d4 cxd4 4. Nxd4 a6 5. c4 Nf6 6. Nc3 Qc7 7. a3 d6 8. Be3 b6 9. Be2 Bb7 10. f3 Be7 11. O-O O-O 12. Rc1 Nbd7 13. Qd2 Rac8 14. b4 Rfe8 15. Rfd1 Qb8 16. Nb3 Bd8 17. Bf4 Ne5 18. Bxe5 dxe5 19. c5 Qa7 20. Kh1 Nh5 21. cxb6 Bxb6 22. Na4 Be3 23. Rxc8 Bxc8 24. Qd6 f6 25. g3 Qf7 26. Rd3 Bf2 27. Kg2 Bxg3 28. hxg3 Qg6 29. g4 Nf4+ 30. Kf2 Qh6 31. Ke1 Qh1+ 32. Kd2 Qh6 33. Nac5 Kf7 34. Bd1 Nxd3+ 35. Kxd3 Qh2 36. Be2 Qg1 37. Kc2 Qf2 38. Qd2 Qg1 39. Kb2 Re7 40. Na5 Kg6 41. Nc4 1-0